Lord of the Rings or IKEA? Quiz Stats

Quiz Updated Mar 24, 2016

Challenge
Share
Tweet
Embed
Score 0/20 Timer 03:00
5 Plays Today
Hint Answer % Correct
Frodo???
94.8%
Boromir???
92.5%
Faramir???
91.7%
Brunkrissla???
87.4%
Denethor???
85.7%
Deagol???
82.4%
Sultan Högbo???
81.9%
Shelob???
80.7%
Brimnes???
78.4%
Babord???
76.4%
Hint Answer % Correct
Akurum???
76%
Freden???
75.4%
Grimbold???
73.1%
Agerum???
72.2%
Nordli???
71.8%
Grima???
71.6%
Grundtal???
71.2%
Molger???
69.2%
Galdor???
68.1%
Erkenbrand???
33.4%

You're not logged in!

Compare scores with friends on all Sporcle quizzes.
Join for Free
OR
Log In

You Might Also Like...

Show Comments

Extras

Top Quizzes Today


Score Distribution

Your Account Isn't Verified!

In order to create a playlist on Sporcle, you need to verify the email address you used during registration. Go to your Sporcle Settings to finish the process.

Report this User

Report this user for behavior that violates our Community Guidelines.

Details: